[Event "Sada Coruna op"]
[Site "Sada"]
[Date "2022.09.07"]
[Round "5"]
[White "Pena Torres, Jose Carlos"]
[Black "Starostits, Ilmars"]
[Result "1/2-1/2"]
[WhiteElo "2061"]
[BlackElo "2400"]
[PlyCount "107"]
[EventDate "2022.09.04"]
[EventType "swiss"]
[EventRounds "9"]
[EventCountry "ESP"]
[SourceTitle "CBM 210 Extra"]
[Source "ChessBase"]
[SourceDate "2022.11.30"]
[SourceVersion "1"]
[SourceVersionDate "2022.11.30"]
[SourceQuality "1"]

1. Nf3 d5 2. g3 Nf6 3. Bg2 g6 4. 0-0 Bg7 5. c4 c6 6. cxd5 cxd5 7. d4 0-0 8. Nc3 Nc6 9. Bg5 Ne4 10. Be3 Nxc3 11. bxc3 Bf5 12. Nh4 Bg4 13. h3 Be6 14. Qd2 Na5 15. Bh6 Nc4 16. Qf4 f6 17. Bxg7 Kxg7 18. e4 Rc8 19. Rfe1 g5 20. Nf5+ Kh8 21. Qf3 Nd2 22. Qd3 Nxe4 23. Bxe4 dxe4 24. Qxe4 Bxf5 25. Qxf5 Rxc3 26. Re4 Rc7 27. Rae1 b6 28. h4 gxh4 29. Rxh4 Rf7 30. Qe6 Rg7 31. Qf5 Qd7 32. Qh5 Rc2 33. Qf3 Rc4 34. Qa8+ Rc8 35. Qe4 Qd6 36. Rh5 Qa3 37. Qe2 Rcg8 38. Rh3 Qa5 39. Rh5 Qc3 40. Qe4 Qc4 41. a3 Rd8 42. Rh4 Qd5 43. Qc2 b5 44. Ree4 Qf5 45. Qe2 Qd7 46. Rh5 a6 47. d5 Qd6 48. Reh4 Rf8 49. Qc2 Rff7 50. Qc8+ Rg8 51. Qf5 Rgg7 52. Qc8+ Rg8 53. Qf5 Rgg7 54. Qc8+ 1/2-1/2

[Event "Sanxenxo Carlos op 11th"]
[Site "Sanxenxo"]
[Date "2019.06.24"]
[Round "3"]
[White "Pena Torres, Jose Carlos"]
[Black "Ortin Blanco, Inigo"]
[Result "0-1"]
[WhiteElo "2068"]
[BlackElo "2285"]
[PlyCount "120"]
[EventDate "2019.06.22"]
[EventType "swiss"]
[EventRounds "9"]
[EventCountry "ESP"]
[SourceTitle "CBM 191 Extra"]
[Source "ChessBase"]
[SourceDate "2019.09.30"]
[SourceVersion "1"]
[SourceVersionDate "2019.09.30"]
[SourceQuality "1"]

1. Nf3 d5 2. g3 Nf6 3. Bg2 Bf5 4. d4 e6 5. 0-0 Bd6 6. c4 c6 7. b3 0-0 8. Ba3 Bxa3 9. Nxa3 Nbd7 10. Nh4 Bg4 11. Nc2 Bh5 12. Ne3 g5 13. Nf3 Ne4 14. Rc1 Qa5 15. Qc2 Bg6 16. Qb2 f6 17. Bh3 f5 18. Ne5 Nxe5 19. dxe5 Qb6 20. Qa3 Qd4 21. cxd5 exd5 22. e6 Nxf2 23. Kxf2 f4 24. b4 fxe3+ 25. Kg1 g4 26. Bg2 a6 27. e7 Rf2 28. b5 Be4 29. Bxe4 Qxe4 30. Rxf2 exf2+ 31. Kxf2 Re8 32. bxc6 bxc6 33. Rxc6 Rxe7 34. Rc8+ Kg7 35. Qd3 Rf7+ 36. Kg1 Qxd3 37. exd3 Rf3 38. Rc6 a5 39. Rc5 Rxd3 40. Rxa5 Kf6 41. Ra6+ Ke5 42. Rh6 Ke4 43. Rxh7 d4 44. Re7+ Kf3 45. Rf7+ Ke2 46. Rf2+ Ke3 47. Rf4 Rd1+ 48. Kg2 d3 49. Rf8 Rd2+ 50. Kg1 Rxa2 51. Re8+ Kd2 52. Kf2 Ra5 53. Rd8 Rc5 54. Kg2 Ke3 55. Re8+ Kd4 56. Rd8+ Rd5 57. Ra8 d2 58. Ra1 Ke3 59. h3 gxh3+ 60. Kxh3 d1Q 0-1

[Event "Sanxenxo Carlos op 10th"]
[Site "Sanxenxo"]
[Date "2018.06.17"]
[Round "2"]
[White "Martin Fuentes, Alberto"]
[Black "Pena Torres, Jose Carlos"]
[Result "1-0"]
[WhiteElo "2404"]
[BlackElo "2021"]
[PlyCount "139"]
[EventDate "2018.06.16"]
[EventType "swiss"]
[EventRounds "9"]
[EventCountry "ESP"]
[SourceTitle "CBM 185 Extra"]
[Source "ChessBase"]
[SourceDate "2018.07.29"]
[SourceVersion "1"]
[SourceVersionDate "2018.07.29"]
[SourceQuality "1"]

1. e4 e6 2. d4 d5 3. Nd2 c5 4. exd5 exd5 5. Ngf3 Nc6 6. Bd3 Bd6 7. dxc5 Bxc5 8. 0-0 Nge7 9. Nb3 Bd6 10. h3 0-0 11. c3 Bf5 12. Bg5 Qd7 13. Bxe7 Bxe7 14. Nbd4 Bxd3 15. Qxd3 Bf6 16. Ne2 Rad8 17. Rad1 Qc7 18. Ned4 Nxd4 19. Nxd4 Bxd4 20. Qxd4 Qa5 21. a3 Rfe8 22. Rfe1 Re6 23. Re3 Rxe3 24. Qxe3 g6 25. Rd2 b5 26. Qe7 Qb6 27. Rd4 Qb8 28. Qg5 Qd6 29. g3 Rd7 30. Qd2 a6 31. h4 h5 32. a4 Qe6 33. axb5 axb5 34. Kh2 Kg7 35. b3 Qe5 36. c4 bxc4 37. bxc4 Rd6 38. Rxd5 Rxd5 39. cxd5 Qd6 40. Qd4+ f6 41. Kg2 Kf7 42. Qe4 Qd7 43. Kf3 Qd6 44. Qd3 Qe5 45. Qc4 Qf5+ 46. Kg2 Qd7 47. d6+ Qe6 48. Qc6 g5 49. Qc7+ Ke8 50. Qc6+ Kf7 51. hxg5 fxg5 52. Qf3+ Qf6 53. Qxh5+ Ke6 54. Qd1 Kd7 55. Qd5 g4 56. Qe4 Qg5 57. Qf4 Qd5+ 58. Kh2 Qe6 59. Qf8 Qe2 60. Qf4 Qd1 61. Kg2 Qd5+ 62. Kg1 Qd1+ 63. Kh2 Qe2 64. Qe3 Qxe3 65. fxe3 Kxd6 66. Kg2 Kd5 67. Kf2 Ke5 68. Ke1 Kd5 69. Kd1 Kc4 70. Kc2 1-0

[Event "Calvia Amateur op 11th"]
[Site "Calvia"]
[Date "2014.10.11"]
[Round "8"]
[White "Cerdo Fernandez, Miguel"]
[Black "Pena Torres, Jose Carlos"]
[Result "1-0"]
[WhiteElo "1911"]
[BlackElo "2043"]
[PlyCount "89"]
[EventDate "2014.10.04"]
[EventType "swiss"]
[EventRounds "9"]
[EventCountry "ESP"]
[SourceTitle "EXT 2015"]
[Source "ChessBase"]
[SourceDate "2014.11.20"]
[SourceVersion "1"]
[SourceVersionDate "2014.11.20"]
[SourceQuality "1"]

1. e4 c5 2. Nf3 Nc6 3. d4 cxd4 4. Nxd4 e5 5. Nb5 d6 6. N5c3 a6 7. Na3 Be7 8. Nc4 Be6 9. Be3 b5 10. Nb6 Rb8 11. Nbd5 Nf6 12. Nxf6+ Bxf6 13. Nd5 Bxd5 14. Qxd5 Qc7 15. c3 0-0 16. Be2 Rfc8 17. 0-0 Ne7 18. Qb3 d5 19. f4 exf4 20. Bxf4 Be5 21. Bxe5 Qxe5 22. Bd3 Rf8 23. Rae1 d4 24. cxd4 Qxd4+ 25. Kh1 Rbd8 26. Bc2 Qe5 27. Qf3 f6 28. Qe3 Rd6 29. Rd1 Nc8 30. Rf5 Rxd1+ 31. Bxd1 Qd6 32. Qb3+ Kh8 33. Rd5 Qe7 34. Qd3 Nb6 35. Rd6 Nc4 36. Rd7 Qb4 37. Qg3 Rg8 38. Bb3 Qc5 39. h3 Qc6 40. Re7 Qc5 41. Rc7 Qd4 42. a4 Qxb2 43. axb5 axb5 44. Rb7 Nd2 45. Qxg7+ 1-0

[Event "Calvia Amateur op 11th"]
[Site "Calvia"]
[Date "2014.10.07"]
[Round "4"]
[White "Bullock, Lee"]
[Black "Pena Torres, Jose Carlos"]
[Result "0-1"]
[WhiteElo "1486"]
[BlackElo "2043"]
[PlyCount "58"]
[EventDate "2014.10.04"]
[EventType "swiss"]
[EventRounds "9"]
[EventCountry "ESP"]
[SourceTitle "EXT 2015"]
[Source "ChessBase"]
[SourceDate "2014.11.20"]
[SourceVersion "1"]
[SourceVersionDate "2014.11.20"]
[SourceQuality "1"]

1. Nf3 Nf6 2. d4 e6 3. c4 Bb4+ 4. Nc3 0-0 5. Bg5 h6 6. Bh4 c5 7. e3 d6 8. Qc2 Nbd7 9. Bd3 cxd4 10. exd4 e5 11. 0-0-0 Qa5 12. Kb1 Bxc3 13. bxc3 e4 14. Bxe4 Nxe4 15. Qxe4 Nb6 16. d5 Na4 17. Qd4 Nxc3+ 18. Kb2 Nxd1+ 19. Rxd1 Re8 20. Rd2 Bf5 21. a3 Re4 22. Qc3 Qc7 23. Rd4 Rc8 24. Kb3 b5 25. Nd2 bxc4+ 26. Rxc4 Rxc4 27. Qxc4 Qb7+ 28. Qb4 Qxd5+ 29. Nc4 Qd3+ 0-1

[Event "Sanxenxo Carlos op 6th"]
[Site "Sanxenxo"]
[Date "2014.06.23"]
[Round "3"]
[White "Pena Torres, Jose Carlos"]
[Black "Rivera, Daniel"]
[Result "0-1"]
[WhiteElo "2087"]
[BlackElo "2347"]
[PlyCount "48"]
[EventDate "2014.06.21"]
[EventType "swiss"]
[EventRounds "9"]
[EventCountry "ESP"]
[SourceTitle "CBM 161 Extra"]
[Source "ChessBase"]
[SourceDate "2014.08.29"]
[SourceVersion "1"]
[SourceVersionDate "2014.08.29"]
[SourceQuality "1"]

1. e4 c5 2. Nf3 Nc6 3. d4 cxd4 4. Nxd4 Nf6 5. Nc3 d6 6. Be2 e5 7. Nb3 Be7 8. 0-0 0-0 9. f4 a5 10. a4 Nb4 11. Be3 exf4 12. Bxf4 Be6 13. Nd4 Rc8 14. Nxe6 fxe6 15. Be3 Qc7 16. Rc1 d5 17. exd5 Nbxd5 18. Nxd5 Nxd5 19. Bd4 e5 20. Rxf8+ Rxf8 21. c4 Bg5 22. Rb1 Nf4 23. Bc3 Qc6 24. Bf1 Nh3+ 0-1

[Event "Navalmoral op 13th"]
[Site "Navalmoral"]
[Date "2007.12.06"]
[Round "2"]
[White "Pena Torres, Jose Carlos"]
[Black "Ubilava, Elizbar"]
[Result "0-1"]
[WhiteElo "2125"]
[BlackElo "2551"]
[PlyCount "78"]
[EventDate "2007.12.05"]
[EventType "swiss"]
[EventRounds "9"]
[EventCountry "ESP"]
[SourceTitle "CBM 121 Extra"]
[Source "ChessBase"]
[SourceDate "2008.01.10"]
[SourceVersion "1"]
[SourceVersionDate "2008.01.10"]
[SourceQuality "1"]

1. e4 c5 2. Nf3 d6 3. d4 cxd4 4. Nxd4 Nf6 5. Nc3 a6 6. Be2 e6 7. g4 h6 8. Be3 Nbd7 9. a4 b6 10. Qd2 Bb7 11. f3 Qc7 12. h4 d5 13. exd5 Nxd5 14. Nxd5 Bxd5 15. c4 Bb7 16. Kf2 h5 17. g5 g6 18. a5 bxa5 19. Qxa5 Qxa5 20. Rxa5 Bb4 21. Ra4 a5 22. Nc2 Bc6 23. Rxb4 axb4 24. Nxb4 Bb7 25. Nd3 0-0 26. Nc5 Nxc5 27. Bxc5 Rfd8 28. Ke3 e5 29. Rc1 Bc6 30. b4 Ra3+ 31. Kf2 Ra2 32. Be3 Ba4 33. Ke1 e4 34. fxe4 Bc2 35. c5 Bxe4 36. b5 Bd3 37. Bxd3 Rxd3 38. Bf4 Rh3 39. Bd2 Rh1+ 0-1

[Event "Cambados op 23rd"]
[Site "Cambados"]
[Date "2007.08.10"]
[Round "9"]
[White "Milchev, Nikolay"]
[Black "Pena Torres, Jose Carlos"]
[Result "1-0"]
[WhiteElo "2315"]
[BlackElo "2131"]
[PlyCount "80"]
[EventDate "2007.08.02"]
[EventType "swiss"]
[EventRounds "9"]
[EventCountry "ESP"]
[SourceTitle "CBM 119 Extra"]
[Source "ChessBase"]
[SourceDate "2007.09.04"]
[SourceVersion "1"]
[SourceVersionDate "2007.09.04"]
[SourceQuality "1"]

1. Nf3 Nf6 2. c4 c5 3. Nc3 Nc6 4. g3 g6 5. Bg2 Bg7 6. d4 cxd4 7. Nxd4 0-0 8. Nc2 d6 9. 0-0 Be6 10. b3 Qd7 11. Bb2 Bh3 12. Ne3 Bxg2 13. Kxg2 Ne4 14. Qc2 Ng5 15. h4 Qh3+ 16. Kg1 Nd4 17. Qd1 Nge6 18. Ncd5 Rae8 19. Ng2 Qg4 20. Re1 f5 21. Ndf4 Nxf4 22. gxf4 e5 23. Bxd4 exd4 24. Rc1 Re6 25. Qd3 Rfe8 26. Kf1 Bf6 27. Rc2 Bxh4 28. Qxd4 Qh3 29. Kg1 Bf6 30. Qd5 b6 31. Rd1 Kg7 32. Rd3 Qh6 33. Re3 Rxe3 34. Nxe3 Qh4 35. Qf3 Bd4 36. Ng2 Qf6 37. b4 Re4 38. Qd3 a5 39. e3 Ba1 40. a3 Qe7 1-0

[Event "Cambados op 23rd"]
[Site "Cambados"]
[Date "2007.08.08"]
[Round "7"]
[White "Rusev, Krasimir"]
[Black "Pena Torres, Jose Carlos"]
[Result "1-0"]
[WhiteElo "2443"]
[BlackElo "2131"]
[PlyCount "69"]
[EventDate "2007.08.02"]
[EventType "swiss"]
[EventRounds "9"]
[EventCountry "ESP"]
[SourceTitle "CBM 119 Extra"]
[Source "ChessBase"]
[SourceDate "2007.09.04"]
[SourceVersion "1"]
[SourceVersionDate "2007.09.04"]
[SourceQuality "1"]

1. d4 Nf6 2. Bg5 Ne4 3. Bf4 d5 4. e3 e6 5. Bd3 Nf6 6. Nd2 Bd6 7. Ne2 Nbd7 8. c4 e5 9. Bg5 e4 10. Bc2 c6 11. Nc3 Be7 12. 0-0 0-0 13. cxd5 cxd5 14. f3 exf3 15. Nxf3 b6 16. Qd3 Bb7 17. Qf5 Rc8 18. Bb3 h6 19. Bh4 a6 20. Rae1 b5 21. a3 Nb6 22. Ne5 Na4 23. Bxf6 Bxf6 24. Bc2 Re8 25. Nd7 Re4 26. Bxe4 dxe4 27. Nxf6+ Qxf6 28. Qxc8+ Bxc8 29. Rxf6 gxf6 30. Nxe4 Nxb2 31. Nxf6+ Kf8 32. Rc1 Nc4 33. a4 Bb7 34. Nd7+ Ke7 35. Nc5 1-0

[Event "Pedrido Memorial"]
[Site "Vilagarcia de Arousa"]
[Date "2006.08.31"]
[Round "7"]
[White "Portela Gonzalez, Adrian"]
[Black "Pena Torres, Jose Carlos"]
[Result "0-1"]
[WhiteElo "1788"]
[BlackElo "2151"]
[PlyCount "102"]
[EventDate "2006.07.25"]
[EventType "swiss"]
[EventRounds "9"]
[EventCountry "ESP"]
[SourceTitle "CBM 113 Extra"]
[Source "ChessBase"]
[SourceDate "2006.09.14"]
[SourceVersion "1"]
[SourceVersionDate "2006.09.14"]
[SourceQuality "1"]

1. c4 Nf6 2. Nf3 e6 3. Nc3 b6 4. d4 Bb4 5. a3 Bxc3+ 6. bxc3 d5 7. cxd5 exd5 8. Bg5 0-0 9. e3 h6 10. Bh4 Qd6 11. Bd3 Ne4 12. Bxe4 dxe4 13. Nd2 f5 14. Bg3 Qe7 15. Qb3+ Be6 16. Qb4 c5 17. Qb2 Nd7 18. Rc1 Rac8 19. Nb3 Bc4 20. Rd1 Qe6 21. Nc1 cxd4 22. cxd4 Nf6 23. Ne2 Nd5 24. Rc1 Rc6 25. Nf4 Nxf4 26. Bxf4 Rfc8 27. Kd2 Qg6 28. Bg3 Qg4 29. Rhe1 Kh7 30. Rc3 Bd3 31. Rxc6 Rxc6 32. h3 Qh5 33. Be5 Rc2+ 34. Qxc2 Bxc2 35. Kxc2 Qf7 36. Rc1 Qa2+ 37. Kd1 Qxf2 38. Rc7 Qf1+ 39. Kc2 Qd3+ 40. Kb2 Kg8 41. Rxg7+ Kf8 42. Rg3 Kf7 43. Bf4 a5 44. Bxh6 Qd2+ 45. Kb3 b5 46. Rg7+ Ke6 47. Ra7 a4+ 48. Rxa4 Qd1+ 49. Kb2 bxa4 50. g3 Kd5 51. g4 Kc4 0-1

[Event "Pedrido Memorial"]
[Site "Vilagarcia de Arousa"]
[Date "2006.08.02"]
[Round "9"]
[White "Barreiro Pineiro, Jose"]
[Black "Pena Torres, Jose Carlos"]
[Result "1-0"]
[WhiteElo "1976"]
[BlackElo "2151"]
[PlyCount "37"]
[EventDate "2006.07.25"]
[EventType "swiss"]
[EventRounds "9"]
[EventCountry "ESP"]
[SourceTitle "CBM 113 Extra"]
[Source "ChessBase"]
[SourceDate "2006.09.14"]
[SourceVersion "1"]
[SourceVersionDate "2006.09.14"]
[SourceQuality "1"]

1. b4 Nf6 2. Bb2 e6 3. a3 d5 4. e3 c5 5. bxc5 Bxc5 6. Nf3 Nc6 7. d4 Bd6 8. c4 0-0 9. Nbd2 Re8 10. Bd3 h6 11. 0-0 e5 12. cxd5 Nxd5 13. Be4 Nf6 14. Bxc6 bxc6 15. dxe5 Bxa3 16. Bxa3 Nd5 17. Bc5 Bg4 18. Qa4 Re6 19. Qxg4 1-0